Online Catalogue and eLibrary

Orientalism, postmodernism, and globalism / (Record no. 290)

MARC details
000 -LEADER
fixed length control field 00915pam a2200277 a 4500
001 - CONTROL NUMBER
control field 651241
005 - DATE AND TIME OF LATEST TRANSACTION
control field 20240206000357.0
008 - FIXED-LENGTH DATA ELEMENTS--GENERAL INFORMATION
fixed length control field 940228s1994 enka b 001 0 eng
020 ## - INTERNATIONAL STANDARD BOOK NUMBER
ISBN 0415108624 (pbk.)
020 ## - INTERNATIONAL STANDARD BOOK NUMBER
ISBN 0415108616
040 ## - CATALOGING SOURCE (பட்டியலாக்க மூலம்)
Original cataloging agency DLC
Transcribing agency DLC
Modifying agency DLC
082 00 - DDC Classification
Class No. 306
DDC Edition Number 20
Item Number - Author Mark BRY
100 1# - MAIN ENTRY--PERSONAL NAME
Personal name Turner, Bryan S.
245 10 - TITLE STATEMENT
Title Orientalism, postmodernism, and globalism /
Statement of responsibility, etc. Bryan S. Turner.
260 ## - PUBLICATION, DISTRIBUTION, ETC.
Place of publication, distribution, etc. London ;
-- New York :
Name of publisher, distributor, etc. Routledge,
Date of publication, distribution, etc. 1994.
300 ## - PHYSICAL DESCRIPTION
Extent (e.g. Volumes, Pages etc.) xii, 228 p. :
500 ## - GENERAL NOTE
General note "Represents a ... recent discussion and debate regarding crucial aspects of cultural postmodernization, religious change, and the globalization of world society"--P. [4] of cover.
650 #0 - SUBJECT ADDED ENTRY--TOPICAL TERM
Topical term or geographic name entry element Postmodernism
650 #0 - SUBJECT ADDED ENTRY--TOPICAL TERM
Topical term or geographic name entry element Religion and sociology.
650 #0 - SUBJECT ADDED ENTRY--TOPICAL TERM
Topical term or geographic name entry element Culture.
650 #0 - SUBJECT ADDED ENTRY--TOPICAL TERM
Topical term or geographic name entry element Intellectuals.
650 #0 - SUBJECT ADDED ENTRY--TOPICAL TERM
Topical term or geographic name entry element East and West.
650 #0 - SUBJECT ADDED ENTRY--TOPICAL TERM
Topical term or geographic name entry element Islamic civilization.
650 #0 - SUBJECT ADDED ENTRY--TOPICAL TERM
Topical term or geographic name entry element Civilization, Modern
942 ## - Koha item type (Biblio)
Koha item type Books in Stacks (Lending)
Holdings
Lost status Damaged status Collection code Home library Current library Date acquired Full call number Accession Number Item type
    Lending WERC Library WERC Library 02/06/2024 306 BRY 2415 Books in Stacks (Lending)

© WERC Library